LDR 00799naa#a2200205#i#450# 001 EN\\bibl\126832 005 20260701033825.3 011 ## _a2782-4926 100 ## _a20260630b2026####ek#y0engy0150####ca 102 ## _aRU 200 1# _aCULTURAL AND SOCIAL-POLITICAL LIFE IN KRASNOYARSK IN JANUARY-FEBRUARY 1943 (BASED ON MATERIALS FROM THE NEWSPAPER ‘KRASNOYARSK WORKER’) _eJournal article 210 1# _aKrasnoyarsk _cKrasnoyarsk regional public organization Commonwealth of Enlighteners of Krasnoyarsk _d2026 215 ## _a11 с. 608 ## _aJournal article _2local 675 ## _aКраеведение. 908 _z 700 #1 _aMakarchuk _gIvan Yur'evich 700 #1 _aKovrigina _gOlesya Alekseevna 700 #1 _aKostyaeva _gEkaterina Sergeevna 700 #1 _aBezrukova _gLyubov' Viktorovna 856 4# _asiberianart-journal.ru _u